[Event "Nord-Est"]
[Site "?"]
[Date "2017.03.26"]
[Round "1"]
[White "Sandjivy, Jean-Marc"]
[Black "Atoumany, Julien"]
[Result "1-0"]
[WhiteElo "1293"]
[BlackElo "1009"]
[PlyCount "25"]
[EventDate "2017.03.26"]
[SourceDate "2017.03.26"]

1. c4 Na6 2. Nc3 Nf6 3. d4 e5 4. dxe5 Ne4 5. Nxe4 Be7 6. Nf3 O-O 7. Bg5 f6 8.
exf6 Rxf6 9. Nxf6+ gxf6 10. Qd5+ Kf8 11. Bh6+ Ke8 12. Qg8+ Bf8 13. Qxf8# 1-0

[Event "Nord-Est"]
[Site "?"]
[Date "2017.03.26"]
[Round "1"]
[White "Hoareau-Fontaine, Clément"]
[Black "Larmet, Nino"]
[Result "0-1"]
[WhiteElo "1099"]
[BlackElo "1485"]
[PlyCount "70"]
[EventDate "2017.03.26"]
[SourceDate "2017.03.26"]

1. e4 g6 2. Qf3 e5 3. Bc4 Qf6 4. Qxf6 Nxf6 5. Nf3 Nc6 6. Ng5 d5 7. exd5 Na5 8.
Bb5+ Bd7 9. Bxd7+ Kxd7 10. Nxf7 Rg8 11. Nxe5+ Kd6 12. Nf3 Nxd5 13. Nc3 Re8+ 14.
Kd1 Nxc3+ 15. dxc3 Bg7 16. Bf4+ Kd7 17. Kc1 Rgf8 18. Rd1+ Kc8 19. Bg5 Nc6 20.
Nd4 Nxd4 21. cxd4 Rxf2 22. d5 Rxg2 23. Bf4 Ree2 24. Rd2 Rxd2 25. Bxd2 Rg1+ 26.
Be1 Rxe1+ 27. Kd2 Rxa1 28. a3 Bxb2 29. c3 Rxa3 30. Kc2 Bxc3 31. h4 Bf6 32. d6
cxd6 33. h5 gxh5 34. Kb1 h4 35. Kc2 h3 0-1

[Event "Nord-Est"]
[Site "?"]
[Date "2017.03.26"]
[Round "1"]
[White "Juppin de Fondaumier, Angel"]
[Black "Dazin, Nathan"]
[Result "0-1"]
[WhiteElo "1009"]
[BlackElo "1286"]
[PlyCount "48"]
[EventDate "2017.03.26"]
[SourceDate "2017.03.26"]

1. e4 e5 2. Nf3 Nc6 3. Bc4 Bc5 4. O-O Nf6 5. Nc3 O-O 6. Ne2 d6 7. d3 h6 8. c3
Bg4 9. d4 Bxf3 10. gxf3 exd4 11. cxd4 Bb6 12. Kh1 Nh5 13. d5 Ne5 14. Bb3 Qh4
15. Rg1 Nxf3 16. Rg2 Bxf2 17. Qc2 Ne1 18. Ba4 Nxc2 19. Rb1 Ne1 20. b4 Nxg2 21.
Kxg2 Bb6 22. Bb2 Qf2+ 23. Kh3 Qf3+ 24. Kh4 g5# 0-1

[Event "Nord-Est"]
[Site "?"]
[Date "2017.03.26"]
[Round "1"]
[White "Laoussing, Mathis"]
[Black "Liam, Philips"]
[Result "1-0"]
[WhiteElo "1285"]
[BlackElo "1009"]
[PlyCount "66"]
[EventDate "2017.03.26"]
[SourceDate "2017.03.26"]

1. e4 e5 2. Nf3 Nc6 3. Bc4 Bb4 4. c3 Nf6 5. cxb4 O-O 6. Nc3 Qe7 7. a3 a5 8. b5
Ra6 9. bxa6 Na7 10. axb7 Bxb7 11. d3 Bc6 12. O-O Qd6 13. h3 Nc8 14. Nb5 Qe7 15.
Bg5 Bxb5 16. Bxb5 Na7 17. Qa4 d6 18. Qxa5 Qd8 19. Qxa7 Qe7 20. Bxf6 Qxf6 21.
Qxc7 Qd8 22. Qxd8 Rxd8 23. Rac1 Rb8 24. Rc2 Kf8 25. a4 Ke7 26. Rfc1 Rxb5 27.
axb5 d5 28. b6 Kd8 29. b7 dxe4 30. b8=Q+ Kd7 31. Nxe5+ Ke6 32. Rc6+ Kf5 33. g4+
Kf4 1-0

[Event "Nord-Est"]
[Site "?"]
[Date "2017.03.26"]
[Round "1"]
[White "Houry, Raphaël"]
[Black "Andriandaza, Tombo Omar"]
[Result "0-1"]
[WhiteElo "1199"]
[BlackElo "1694"]
[PlyCount "30"]
[EventDate "2017.03.26"]
[SourceDate "2017.03.26"]

1. e3 e5 2. Nf3 e4 3. Ne5 Qg5 4. f4 exf3 5. gxf3 Qxe5 6. f4 Qe4 7. Be2 Qxh1+ 8.
Bf1 Be7 9. Qh5 Nf6 10. d3 Nxh5 11. Bd2 d6 12. Nc3 Bg4 13. Ne2 Bh4+ 14. Kd1
Qxf1+ 15. Be1 Qxe1# 0-1

[Event "Nord-Est"]
[Site "?"]
[Date "2017.03.26"]
[Round "1"]
[White "Evrin, Selvam"]
[Black "Grondin, Elisa"]
[Result "1-0"]
[WhiteElo "1487"]
[BlackElo "1110"]
[PlyCount "73"]
[EventDate "2017.03.26"]
[SourceDate "2017.03.26"]

1. e4 e5 2. Nf3 Nc6 3. Bc4 Nf6 4. d3 Bc5 5. c3 d5 6. exd5 Nxd5 7. b4 Bd6 8.
Bxd5 O-O 9. O-O Ne7 10. Bg5 h6 11. Bxe7 Qxe7 12. Nbd2 c6 13. Bc4 Qf6 14. Ne4
Qe7 15. Re1 Bg4 16. d4 exd4 17. Nxd6 Qxd6 18. Qxd4 Qxd4 19. Nxd4 Rfe8 20. a4 a6
21. a5 Rab8 22. Nb3 Be6 23. Bxe6 Rxe6 24. Rxe6 fxe6 25. Re1 Kf7 26. Nc5 e5 27.
Rxe5 Rd8 28. Re1 Rd2 29. Nxb7 Rc2 30. Nd6+ Kf6 31. Ne4+ Kg6 32. h3 Kh5 33. Rd1
Kh4 34. Rd6 Rc1+ 35. Kh2 Re1 36. f3 h5 37. g3# 1-0

[Event "Nord-Est"]
[Site "?"]
[Date "2017.03.26"]
[Round "1"]
[White "Sandjivy, Yann"]
[Black "Siffert, Arman"]
[Result "0-1"]
[WhiteElo "1010"]
[BlackElo "1307"]
[PlyCount "58"]
[EventDate "2017.03.26"]
[SourceDate "2017.03.26"]

1. e4 e5 2. Nf3 Nc6 3. Bc4 Nf6 4. Nc3 Bc5 5. O-O d6 6. b3 O-O 7. Bb2 a6 8. Na4
Ba7 9. Qe2 Bg4 10. h3 Bh5 11. g4 Bg6 12. h4 Bxe4 13. d3 Bd5 14. Bxd5 Nxd5 15.
c3 Nf4 16. Qd2 Qf6 17. d4 Nh3+ 18. Kg2 Nf4+ 19. Kg3 b5 20. dxe5 dxe5 21. c4
bxa4 22. Nxe5 Nxe5 23. Bxe5 Qxe5 24. Rfd1 Nd3+ 25. Kf3 Nxf2 26. Re1 Qf6+ 27.
Ke2 Rfe8+ 28. Kf1 Qxh4 29. bxa4 Qh1# 0-1

[Event "Nord-Est"]
[Site "?"]
[Date "2017.03.26"]
[Round "1"]
[White "Lorans, Sylvain"]
[Black "Eric Andriana, Fitia"]
[Result "1-0"]
[WhiteElo "2189"]
[BlackElo "1278"]
[PlyCount "59"]
[EventDate "2017.03.26"]
[SourceDate "2017.03.26"]

1. d4 d5 2. c4 e6 3. Nc3 c6 4. e4 dxe4 5. Nxe4 Bb4+ 6. Bd2 Qxd4 7. Bxb4 Qxe4+
8. Ne2 Nf6 9. Qd6 Ng8 10. Qf8+ Kd7 11. O-O-O+ Qd5 12. cxd5 cxd5 13. Nf4 Nc6 14.
Bb5 Kc7 15. Qd6+ Kb6 16. Qc5+ Kc7 17. Ba5+ Kd7 18. Nxd5 exd5 19. Rxd5+ Ke8 20.
Re1+ Be6 21. Bxc6+ bxc6 22. Qxc6+ Ke7 23. Qxa8 Kf6 24. Rd3 g6 25. Bc3+ Kg5 26.
Rg3+ Kh5 27. Qd8 h6 28. Re5+ Bf5 29. Rh3+ Kg4 30. Qh4# 1-0

[Event "Nord-Est"]
[Site "?"]
[Date "2017.03.26"]
[Round "1"]
[White "Eboué, Ihona"]
[Black "Dace, Emeric"]
[Result "0-1"]
[WhiteElo "1140"]
[BlackElo "1618"]
[PlyCount "60"]
[EventDate "2017.03.26"]
[SourceDate "2017.03.26"]

1. e4 b6 2. Bc4 Bb7 3. d3 e6 4. Nc3 Bb4 5. Nge2 Nf6 6. Bg5 h6 7. Bxf6 Qxf6 8.
O-O a6 9. a3 Bd6 10. Qd2 Nc6 11. Qe3 Ne5 12. f3 Nxc4 13. dxc4 Bc5 14. Qxc5 bxc5
15. Rfd1 d6 16. b4 cxb4 17. axb4 O-O 18. Ra5 Rfd8 19. Rd3 Qh4 20. Ng3 Qe7 21.
Nd1 d5 22. exd5 Qxb4 23. Re3 Qxa5 24. Nc3 exd5 25. cxd5 Qc5 26. Nf5 Re8 27. Kf2
Rxe3 28. Nxe3 Qxc3 29. h3 Re8 30. Nd1 Qe1# 0-1

[Event "Nord-Est"]
[Site "?"]
[Date "2017.03.26"]
[Round "1"]
[White "Muller, Sébastien"]
[Black "Travers, Mathieu"]
[Result "1-0"]
[WhiteElo "1431"]
[BlackElo "1099"]
[PlyCount "55"]
[EventDate "2017.03.26"]
[SourceDate "2017.03.26"]

1. e4 e5 2. Nf3 Nc6 3. Bc4 Nh6 4. c3 Bd6 5. b4 O-O 6. a4 a6 7. d3 Ng4 8. h3 Nf6
9. Bg5 Be7 10. g4 b6 11. Nbd2 Bb7 12. Be3 Ra7 13. Nh4 Ra8 14. g5 Ne8 15. Nf5
Bd6 16. h4 a5 17. b5 Ne7 18. h5 Nxf5 19. exf5 Be7 20. Ne4 Bxe4 21. dxe4 c6 22.
Rg1 Nd6 23. Qd3 Nc8 24. f6 gxf6 25. gxf6+ Kh8 26. fxe7 Qxe7 27. Bg5 Qe8 28.
Bf6# 1-0

[Event "Nord-Est"]
[Site "?"]
[Date "2017.03.26"]
[Round "1"]
[White "Carballar, Eric"]
[Black "Houry, Emmanuel"]
[Result "0-1"]
[WhiteElo "1330"]
[BlackElo "1030"]
[PlyCount "116"]
[EventDate "2017.03.26"]
[SourceDate "2017.03.26"]

1. e4 e5 2. Bc4 Nf6 3. d3 Bc5 4. Bg5 O-O 5. Qf3 d5 6. Bxd5 Bg4 7. Bxf6 Bxf3 8.
Bxd8 Bxg2 9. Bxb7 Bxh1 10. Bxa8 Rxd8 11. Bd5 Rd6 12. Nh3 Rb6 13. Bb3 Bd4 14. c3
Rc6 15. Bd5 Rh6 16. cxd4 Rxh3 17. Nd2 exd4 18. f3 Rxh2 19. O-O-O Bxf3 20. Nxf3
Rf2 21. Nxd4 Rf6 22. Nb5 c6 23. Bxf7+ Rxf7 24. Nd6 Rf6 25. e5 Re6 26. Nc4 Nd7
27. d4 c5 28. dxc5 Nxe5 29. Rd8+ Kf7 30. Nd6+ Ke7 31. Re8+ Kd7 32. Rxe6 Kxe6
33. b4 Nd3+ 34. Kd2 Nxb4 35. a3 Nc6 36. Kd3 Ne5+ 37. Kd4 h5 38. Ne4 Kf5 39. Kd5
h4 40. Nd6+ Kf4 41. Ne4 h3 42. Nf2 h2 43. Nh1 g5 44. c6 Nxc6 45. Kxc6 g4 46.
Nf2 Kf3 47. Nd3 h1=Q 48. Kb7 Ke3+ 49. Kxa7 Kxd3 50. Ka6 g3 51. a4 g2 52. a5
g1=Q 53. Kb5 Qh5+ 54. Kb4 Qgg4+ 55. Kb3 Qxa5 56. Kb2 Qgb4+ 57. Kc1 Qc3+ 58. Kd1
Qd2# 0-1

[Event "Nord-Est"]
[Site "?"]
[Date "2017.03.26"]
[Round "1"]
[White "Etheve, Lionel"]
[Black "Rebut, Paul"]
[Result "1-0"]
[WhiteElo "1565"]
[BlackElo "1122"]
[PlyCount "73"]
[EventDate "2017.03.26"]
[SourceDate "2017.03.26"]

1. Nf3 Nf6 2. b3 g6 3. Bb2 Bg7 4. e3 d5 5. d4 Nc6 6. Bd3 O-O 7. O-O Re8 8. Nbd2
Bd7 9. c4 Nb4 10. Qe2 Nxd3 11. Qxd3 Bf5 12. Qe2 e6 13. Rfc1 Ne4 14. Nxe4 Bxe4
15. Nd2 Bf5 16. cxd5 exd5 17. Qb5 b6 18. Qc6 Re7 19. Nf1 Rc8 20. Ng3 Bd7 21.
Qxd5 c5 22. Rab1 Qc7 23. dxc5 Bxb2 24. Rxb2 bxc5 25. Rbc2 Re5 26. Qd2 Qb7 27.
b4 cxb4 28. Rxc8+ Bxc8 29. Qd8+ Kg7 30. Rxc8 Rd5 31. Qh8+ Kh6 32. f4 Rd1+ 33.
Kf2 Rd2+ 34. Ke1 Rd1+ 35. Kxd1 Qd7+ 36. Ke1 g5 37. Qf6# 1-0

[Event "Nord-Est"]
[Site "?"]
[Date "2017.03.26"]
[Round "1"]
[White "Houwenaghel, Maxime"]
[Black "Laoussing, Stéphane"]
[Result "0-1"]
[WhiteElo "1010"]
[BlackElo "1330"]
[PlyCount "46"]
[EventDate "2017.03.26"]
[SourceDate "2017.03.26"]

1. e4 e5 2. Nf3 Nc6 3. d4 Nxd4 4. Nxd4 exd4 5. Qxd4 c5 6. Qc3 d6 7. Bc4 Nf6 8.
Qd3 Be6 9. Bg5 Bxc4 10. Qxc4 Be7 11. O-O O-O 12. Nc3 Ng4 13. Bxe7 Qxe7 14. e5
Qxe5 15. Qxg4 Rae8 16. Rfe1 Qf6 17. Re2 Re5 18. Ne4 Qe6 19. Qf4 Re8 20. Rae1
Qxa2 21. Nxd6 Rxe2 22. Qxf7+ Kh8 23. Kf1 Rxe1# 0-1

[Event "Nord-Est"]
[Site "?"]
[Date "2017.03.26"]
[Round "1"]
[White "Chabas, Alain"]
[Black "Eboué, Yuri"]
[Result "1-0"]
[WhiteElo "1810"]
[BlackElo "1220"]
[PlyCount "69"]
[EventDate "2017.03.26"]
[SourceDate "2017.03.26"]

1. e4 e5 2. f4 d6 3. Nf3 Nd7 4. Bc4 Ngf6 5. Ng5 Qe7 6. Nc3 Nc5 7. Bxf7+ Kd8 8.
Bc4 Be6 9. Nxe6+ Nxe6 10. f5 Nf4 11. O-O g6 12. d4 Bh6 13. g3 Nh3+ 14. Kg2 Bxc1
15. Rxc1 Ng5 16. Nd5 Nxd5 17. Bxd5 c6 18. f6 Qf8 19. Bb3 Nxe4 20. dxe5 h5 21.
Qd4 Ng5 22. e6 Kc7 23. Rcd1 Nxe6 24. Bxe6 Rd8 25. c4 b6 26. b4 a6 27. c5 dxc5
28. Qe5+ Kb7 29. bxc5 Qxc5 30. Qxc5 bxc5 31. Rxd8 Rxd8 32. f7 Rf8 33. Kh3 g5
34. Rf5 g4+ 35. Kh4 1-0

[Event "Nord-Est"]
[Site "?"]
[Date "2017.03.26"]
[Round "1"]
[White "Play, Gilles"]
[Black "Léonardy, Batiste"]
[Result "1-0"]
[WhiteElo "1624"]
[BlackElo "1142"]
[PlyCount "61"]
[EventDate "2017.03.26"]
[SourceDate "2017.03.26"]

1. e4 e5 2. Nf3 Nc6 3. d4 d5 4. Nxe5 Nce7 5. exd5 Nxd5 6. Bc4 Ngf6 7. Bg5 Be7
8. O-O Be6 9. Bb3 b5 10. Qf3 Nb4 11. Bxe6 fxe6 12. Nc6 Qd5 13. Qxd5 Nfxd5 14.
Nxe7 Nxe7 15. Na3 a6 16. c3 Nd3 17. Rab1 b4 18. Nc4 h6 19. Bxe7 Kxe7 20. Rfd1
Nf4 21. cxb4 Nd5 22. a3 Rhf8 23. Re1 Rf4 24. Rbd1 Rb8 25. g3 Rf3 26. Ne5 Nc3
27. Nxf3 Nxd1 28. Rxd1 a5 29. Ne5 Kd6 30. bxa5 Rxb2 31. Nc4+ 1-0

[Event "Nord-Est"]
[Site "?"]
[Date "2017.03.26"]
[Round "1"]
[White "Leccia, Thomas"]
[Black "Travers, Christophe"]
[Result "0-1"]
[WhiteElo "1231"]
[BlackElo "1841"]
[PlyCount "124"]
[EventDate "2017.03.26"]
[SourceDate "2017.03.26"]

1. e4 e5 2. Nf3 Nf6 3. Nc3 Bc5 4. Bc4 Nc6 5. O-O O-O 6. d3 d6 7. h3 h6 8. Be3
Bxe3 9. fxe3 Na5 10. Bb3 Nxb3 11. axb3 Re8 12. Re1 b6 13. d4 exd4 14. exd4 Bb7
15. e5 dxe5 16. dxe5 Nd5 17. Nxd5 Bxd5 18. c4 Bxf3 19. Qxd8 Rexd8 20. gxf3 Rd3
21. Kf2 Rxb3 22. Re2 a5 23. Rd1 Rb4 24. Rc2 Kf8 25. Rd7 Rc8 26. c5 bxc5 27.
Rxc5 Rxb2+ 28. Kg3 a4 29. Rcxc7 Rxc7 30. Rxc7 a3 31. Ra7 Ra2 32. Kf4 g6 33. Ke3
Ra1 34. Kd2 a2 35. Kc2 Rf1 36. Rxa2 Rf2+ 37. Kb1 Rxa2 38. Kxa2 Ke7 39. Kb3 Ke6
40. Kc4 Kxe5 41. Kd3 Kf4 42. Kd4 f5 43. h4 Kxf3 44. Ke5 Kg4 45. h5 Kxh5 46. Kf4
Kh4 47. Kf3 g5 48. Kg2 Kg4 49. Kh1 Kg3 50. Kg1 f4 51. Kf1 f3 52. Kg1 f2+ 53.
Kf1 g4 54. Ke2 Kg2 55. Ke3 f1=Q 56. Ke4 Qf6 57. Ke3 Qe5+ 58. Kd2 Qd4+ 59. Ke2
g3 60. Ke1 Qb2 61. Kd1 Kf3 62. Ke1 Qe2# 0-1

[Event "Nord-Est"]
[Site "?"]
[Date "2017.03.26"]
[Round "1"]
[White "Vanwaescappel, Vincent"]
[Black "Leccia, Antoine"]
[Result "0-1"]
[WhiteElo "1099"]
[BlackElo "1399"]
[PlyCount "110"]
[EventDate "2017.03.26"]
[SourceDate "2017.03.26"]

1. e4 e6 2. Nf3 d5 3. Bd3 Nf6 4. Ng5 h6 5. e5 hxg5 6. exf6 Qxf6 7. O-O Qe5 8.
h3 Bd6 9. g3 Rxh3 10. Qg4 Rh8 11. f4 gxf4 12. gxf4 Qf6 13. f5 Qh6 14. Kf2 Qh2+
15. Ke1 Qg3+ 16. Qxg3 Bxg3+ 17. Kd1 Nc6 18. Rf3 Rh1+ 19. Rf1 Rxf1+ 20. Bxf1 Bd7
21. Nc3 O-O-O 22. d3 Rh8 23. Bg2 Nd4 24. Ne2 Nxf5 25. Nxg3 Nxg3 26. Bf4 Nf5 27.
Kd2 f6 28. Ke2 g5 29. Bd2 Rh2 30. Rg1 Nh4 31. Kf2 Rxg2+ 32. Rxg2 Nxg2 33. Kxg2
Kd8 34. Kf3 e5 35. Kg3 Ke7 36. Be1 Kf7 37. Bf2 b6 38. c3 Kg6 39. d4 e4 40. b3
f5 41. Kg2 f4 42. c4 c6 43. cxd5 cxd5 44. Bg1 Kh5 45. a4 g4 46. b4 Bxa4 47. Kf1
Kh4 48. Bf2+ g3 49. Be1 Kh3 50. Kg1 f3 51. Bf2 gxf2+ 52. Kxf2 Kh2 53. Kf1 e3
54. Ke1 f2+ 55. Kf1 Bb5# 0-1

[Event "Nord-Est"]
[Site "?"]
[Date "2017.03.26"]
[Round "1"]
[White "Alfonsi, Romain"]
[Black "Mercadal, Théo"]
[Result "0-1"]
[WhiteElo "1160"]
[BlackElo "1633"]
[PlyCount "78"]
[EventDate "2017.03.26"]
[SourceDate "2017.03.26"]

1. e4 e5 2. Nf3 Nc6 3. Bc4 Bc5 4. d3 h6 5. O-O Nf6 6. Nc3 O-O 7. Be3 Bb6 8.
Bxb6 axb6 9. d4 exd4 10. Nxd4 d6 11. h3 Re8 12. Re1 Be6 13. Nd5 Ne5 14. Bb3
Ned7 15. Nb5 Rc8 16. Nf4 Nc5 17. Bxe6 Nxe6 18. e5 Nxf4 19. exd6 Rxe1+ 20. Qxe1
cxd6 21. Qd2 N4d5 22. Nd4 Qd7 23. Re1 Re8 24. Nf3 Rxe1+ 25. Nxe1 Qb5 26. b3 Qb4
27. Qd1 Nc3 28. Qf3 Nxa2 29. Nd3 Qe4 30. Qd1 Nc3 31. Qd2 Nfd5 32. f3 Qe3+ 33.
Qxe3 Nxe3 34. Nb4 f5 35. f4 Ncd5 36. Nd3 Nxc2 37. Kf2 Kf7 38. Kf3 Nd4+ 39. Kf2
Nxb3 0-1

[Event "Nord-Est"]
[Site "?"]
[Date "2017.03.26"]
[Round "1"]
[White "Padre, Maxime"]
[Black "Mohamed, Kéziah"]
[Result "1-0"]
[WhiteElo "1307"]
[BlackElo "1010"]
[PlyCount "100"]
[EventDate "2017.03.26"]
[SourceDate "2017.03.26"]

1. Nf3 d5 2. c4 dxc4 ({Crafty 19.17:} 2... e6 3. e3 Nf6 4. Be2 Nc6 5. O-O Be7
6. Nc3 O-O 7. d4 dxc4 8. Bxc4 Nd5 {[%eval 7,12]}) 3. Nc3 Nc6 4. e3 Nf6 5. Bxc4
e6 6. O-O Bc5 ({Crafty 19.17:} 6... Be7 7. d4 O-O 8. e4 a6 9. a4 Na5 10. Be2
Nc6 11. Bg5 Ng4 12. Qd2 {[%eval 7,12]}) 7. d4 Bb6 8. a3 O-O 9. b4 a5 10. b5 Na7
11. a4 c6 12. Rb1 Bc7 ({Crafty 19.17:} 12... Nd5 13. Bxd5 exd5 14. Ba3 Re8 15.
bxc6 bxc6 16. Bc5 Bxc5 17. dxc5 Bg4 18. Rb7 Re7 19. Rb6 {[%eval 5,12]}) 13. Qe2
Bd7 14. Ba3 Re8 15. Rfd1 Rb8 16. e4 ({Crafty 19.17:} 16. b6 Bxb6 17. Rxb6 Qxb6
18. Bc5 Qc7 19. Bxa7 Rbd8 20. Bc5 b6 21. Ba3 {[%eval 185,11]}) 16... e5 ({
Crafty 19.17:} 16... cxb5 17. axb5 Nc8 18. e5 Ng4 19. Qe4 Nb6 20. Bb3 (20. Bd3)
20... Nh6 21. d5 Nxd5 22. Nxd5 exd5 23. Bxd5 {[%eval 24,11]}) 17. d5 Bb6 18. h3
Qc7 19. Nd2 ({Crafty 19.17:} 19. dxc6 bxc6 20. Bd6 Qb7 21. Nxe5 Rxe5 22. Bxe5
Rd8 23. Bxf6 gxf6 24. Qh5 Rf8 25. Rd6 cxb5 26. axb5 {[%eval 413,11]}) 19...
Rbd8 20. Nb3 c5 21. Qe3 Rc8 22. Ne2 Qd6 23. Nec1 h6 24. Nd3 Rc7 25. Bxc5 Bxc5
26. Ndxc5 Bc8 ({Crafty 19.17:} 26... b6 27. Nxd7 Nxd7 28. Nd2 Nc5 29. Ra1 Nc8
30. Bd3 Qg6 31. Rac1 Ree7 32. Nf3 Nd6 {[%eval 128,12]}) 27. Rbc1 b6 28. Nd3 Qa3
29. Ra1 Qd6 30. Nb2 Rxc4 31. Nxc4 Qb4 32. Ncd2 Bb7 33. Rdc1 Qe7 34. Qxb6 Ra8
35. Rc7 Nd7 36. Qxb7 Qd8 37. Rxd7 Qb8 38. Qxb8+ Rxb8 {La il n'y a plus d'espoir
} 39. Rxa7 Rc8 40. Rc1 Rd8 41. Rcc7 Rf8 42. Nc4 g6 43. Nxe5 Kg7 44. Rxf7+ Rxf7
45. Rxf7+ Kg8 46. Kh2 h5 47. Kg3 h4+ 48. Kxh4 g5+ 49. Kxg5 Kh8 50. g3 Kg8 1-0

[Event "Nord-Est"]
[Site "?"]
[Date "2017.03.26"]
[Round "1"]
[White "Triton, Maxime"]
[Black "Reseda, Maeva"]
[Result "1-0"]
[WhiteElo "1644"]
[BlackElo "1188"]
[PlyCount "51"]
[EventDate "2017.03.26"]
[SourceDate "2017.03.26"]

1. e4 e5 2. Nf3 Nc6 3. Bb5 d6 4. O-O Be7 5. c3 Nf6 6. Re1 O-O 7. h3 Bd7 8. d4
a6 9. Ba4 b5 10. Bb3 Qc8 11. Nbd2 Nd8 12. dxe5 Nh5 13. exd6 Bxd6 14. e5 Nf4 15.
Ne4 Nxg2 16. Kxg2 Bxh3+ 17. Kh2 Bg4 18. exd6 Nc6 19. d7 Bxd7 20. Rg1 Rd8 21.
Bg5 Ne7 22. Bxe7 Re8 23. Nf6+ Kh8 24. Qxd7 Qb7 25. Rxg7 Kxg7 26. Qg4+ 1-0

[Event "Nord-Est"]
[Site "?"]
[Date "2017.03.26"]
[Round "1"]
[White "Carballar, Alexandre"]
[Black "Bremond, Pierre"]
[Result "1-0"]
[WhiteElo "1116"]
[BlackElo "1493"]
[PlyCount "103"]
[EventDate "2017.03.26"]
[SourceDate "2017.03.26"]

1. Nf3 c5 2. d3 Nc6 3. Nbd2 d5 4. e4 dxe4 5. Nxe4 b6 6. Ned2 Nf6 7. g3 Bb7 8.
Bg2 e6 9. O-O Qc7 10. Re1 h6 11. Ne4 Nxe4 12. Rxe4 Nb4 13. Re1 Bd6 14. b3 O-O-O
15. Bb2 Rhg8 16. Nd2 Bxg2 17. Kxg2 Qb7+ 18. Kg1 g5 19. a3 Nc6 20. Nc4 Bc7 21.
Ne5 Nxe5 22. Bxe5 Bxe5 23. Rxe5 Rd5 24. Rxd5 Qxd5 25. a4 a5 26. Ra2 f5 27. Qf1
Kc7 28. Qg2 Qxg2+ 29. Kxg2 Kc6 30. Kf3 g4+ 31. Kf4 Kd6 32. c4 Rg5 33. f3 e5+
34. Ke3 gxf3 35. Kxf3 Rg4 36. Re2 Rd4 37. Re3 Ke6 38. h3 Rxd3 39. Rxd3 e4+ 40.
Ke3 exd3 41. Kxd3 Ke5 42. Ke3 h5 43. h4 f4+ 44. gxf4+ Kf5 45. Kf3 Ke6 46. Ke4
Ke7 47. Kf5 Kd6 48. Kf6 b5 49. f5 bxc4 50. bxc4 Kd7 51. Kg7 Kd6 52. f6 1-0

[Event "Nord-Est"]
[Site "?"]
[Date "2017.03.26"]
[Round "2"]
[White "Vanwaescappel, Simon"]
[Black "Evrin, Selvam"]
[Result "0-1"]
[WhiteElo "1009"]
[BlackElo "1487"]
[PlyCount "44"]
[EventDate "2017.03.26"]
[SourceDate "2017.03.26"]

1. e4 c5 2. Bb5 a6 3. Ba4 b5 4. Bb3 c4 5. Bxc4 bxc4 6. Qf3 Bb7 7. b3 Nf6 8. Qg3
cxb3 9. cxb3 Nxe4 10. Qg4 Qb6 11. Na3 Qxf2+ 12. Kd1 Qf1+ 13. Kc2 Nc5 14. Bb2
Be4+ 15. d3 Qxd3+ 16. Kc1 Qf1+ 17. Kd2 Qf2+ 18. Kc3 Qe3+ 19. Kc4 Bd3+ 20. Kb4
Nc6+ 21. Kc3 Be4+ 22. Kc4 d5# 0-1

[Event "Nord-Est"]
[Site "?"]
[Date "2017.03.26"]
[Round "2"]
[White "Houry, Emmanuel"]
[Black "Etheve, Lionel"]
[Result "0-1"]
[WhiteElo "1030"]
[BlackElo "1565"]
[PlyCount "50"]
[EventDate "2017.03.26"]
[SourceDate "2017.03.26"]

1. e4 e6 2. Nf3 d5 3. Bd3 dxe4 4. Bxe4 Nf6 5. Bd3 Bc5 6. O-O O-O 7. Ng5 h6 8.
Ne4 Bb6 9. Qf3 Nxe4 10. Qxe4 f5 11. Qc4 Nc6 12. Qc3 Nd4 13. a4 a6 14. a5 Ba7
15. Ra4 c5 16. Qc4 Bd7 17. c3 Bb5 18. Qxe6+ Nxe6 19. Bxb5 axb5 20. Rh4 Qxh4 21.
g3 Qh3 22. b4 c4 23. Na3 f4 24. Nxb5 fxg3 25. hxg3 Qxg3+ 0-1

[Event "Nord-Est"]
[Site "?"]
[Date "2017.03.26"]
[Round "2"]
[White "Travers, Mathieu"]
[Black "Houry, Raphaël"]
[Result "1-0"]
[WhiteElo "1099"]
[BlackElo "1190"]
[PlyCount "39"]
[EventDate "2017.03.26"]
[SourceDate "2017.03.26"]

1. e4 e6 2. Nc3 Nf6 3. Nf3 Bc5 4. Qe2 O-O 5. d3 d5 6. Be3 Bd4 7. a3 Bxc3+ 8.
bxc3 dxe4 9. dxe4 Nxe4 10. Rd1 Qe8 11. Nh4 Nxc3 12. Qd2 Nxd1 13. Qxd1 Nc6 14.
Bb5 Bd7 15. O-O a6 16. Bd3 Nb4 17. Be4 Na2 18. Qh5 h6 19. Bxh6 gxh6 20. Qxh6
1-0

[Event "Nord-Est"]
[Site "?"]
[Date "2017.03.26"]
[Round "2"]
[White "Attoumany, Julien"]
[Black "Eboué, Ihona"]
[Result "0-1"]
[WhiteElo "1009"]
[BlackElo "1220"]
[PlyCount "96"]
[EventDate "2017.03.26"]
[SourceDate "2017.03.26"]

1. d4 d5 2. Nc3 e6 3. e3 Bb4 4. Bd2 b6 5. Bb5+ Nd7 6. e4 Ngf6 7. exd5 Nxd5 8.
Bg5 Bxc3+ 9. bxc3 Qxg5 10. Qd2 Qxd2+ 11. Kxd2 O-O 12. Nf3 N7f6 13. Ne5 Ne4+ 14.
Ke1 Nexc3 15. Nd7 Bxd7 16. Bxd7 Nf4 17. Bc6 Rad8 18. Kd2 Ncd5 19. h3 Nxg2 20.
Rh2 Ndf4 21. h4 Rxd4+ 22. Kc3 Rdd8 23. h5 Nxh5 24. Rxh5 Nf4 25. Rh4 Nd5+ 26.
Bxd5 Rxd5 27. Kb2 Rfd8 28. Rah1 h6 29. f4 a5 30. f5 Rxf5 31. Rh5 Rxh5 32. Rxh5
c5 33. Rh3 a4 34. Rd3 Rxd3 35. cxd3 g5 36. Ka3 b5 37. d4 cxd4 38. Kb4 d3 39.
Kxb5 d2 40. Kxa4 d1=Q+ 41. Kb4 Qb1+ 42. Ka3 Qd3+ 43. Kb2 g4 44. Kc1 g3 45. Kb2
g2 46. a4 g1=Q 47. a5 Qg2+ 48. Kc1 Qdf1# 0-1

[Event "Nord-Est"]
[Site "?"]
[Date "2017.03.26"]
[Round "2"]
[White "Leccia, Antoine"]
[Black "Lorans, Sylvain"]
[Result "1/2-1/2"]
[WhiteElo "1399"]
[BlackElo "2189"]
[PlyCount "67"]
[EventDate "2017.03.26"]
[SourceDate "2017.03.26"]

1. d4 g6 2. c4 Bg7 3. e4 d6 4. Nc3 Nc6 5. Be3 e5 6. d5 Nd4 7. Nge2 Nxe2 8. Bxe2
f5 9. exf5 Bxf5 10. Bg4 Bxg4 11. Qxg4 Qd7 12. Qxd7+ Kxd7 13. O-O Bh6 14. Bxh6
Nxh6 15. Ne4 Nf5 16. Ng3 Nxg3 17. fxg3 Rhf8 18. Rac1 Rxf1+ 19. Rxf1 Ke7 20. Rf2
Rf8 21. Rxf8 Kxf8 22. Kf2 Ke7 23. Ke3 c6 24. h4 Kd7 25. b4 b5 26. cxb5 cxd5 27.
a4 Ke6 28. a5 d4+ 29. Kd3 Kd5 30. b6 e4+ 31. Kd2 axb6 32. a6 Kc6 33. b5+ Kc7
34. Ke2 1/2-1/2

[Event "Nord-Est"]
[Site "?"]
[Date "2017.03.26"]
[Round "2"]
[White "Eboué, Yuri"]
[Black "Houwenaghel, Maxime"]
[Result "1-0"]
[WhiteElo "1220"]
[BlackElo "1010"]
[PlyCount "61"]
[EventDate "2017.03.26"]
[SourceDate "2017.03.26"]

1. e4 e5 2. Nf3 Nc6 3. d3 Nf6 4. Be3 d5 5. Nbd2 Bg4 6. c4 dxc4 7. Nxc4 Bb4+ 8.
Ncd2 O-O 9. Be2 b6 10. O-O Bc5 11. Bxc5 bxc5 12. Nc4 Bxf3 13. Bxf3 Nd4 14. Nxe5
Nxf3+ 15. Qxf3 Qd6 16. Ng4 Nd7 17. Rad1 Qb6 18. b3 Rad8 19. h3 Qa5 20. a4 Qb4
21. Rb1 a5 22. e5 Rfe8 23. Rfe1 Qd4 24. Qg3 Qd5 25. Nf6+ Nxf6 26. exf6 Rxe1+
27. Rxe1 g6 28. Qh4 Qh5 29. Qe4 Kf8 30. Qe7+ Kg8 31. Qxd8# 1-0

[Event "Nord-Est"]
[Site "?"]
[Date "2017.03.26"]
[Round "2"]
[White "Eric Andriana, Fitia"]
[Black "Vanwaescappel, Vincent"]
[Result "1-0"]
[WhiteElo "1278"]
[BlackElo "1099"]
[PlyCount "56"]
[EventDate "2017.03.26"]
[SourceDate "2017.03.26"]

1. e4 e5 2. Nf3 Nc6 3. Bc4 Nd4 4. Nxd4 exd4 5. O-O d6 6. c3 Qg5 7. Qf3 f6 8. d3
Qg6 9. cxd4 Bg4 10. Qg3 d5 11. Bxd5 Bd6 12. e5 fxe5 13. dxe5 Be7 14. Bxb7 Rd8
15. Bc6+ Kf8 16. Qf4+ Nf6 17. exf6 Bxf6 18. Be4 Qh5 19. Qxc7 Ke8 20. Bf4 Bg5
21. Bxg5 Qxg5 22. Re1 Kf8 23. Nc3 Qd2 24. Qc5+ Kf7 25. Bd5+ Be6 26. Bxe6+ Ke8
27. Bg4+ Kf7 28. Qe7+ Kg6 1-0

[Event "Nord-Est"]
[Site "?"]
[Date "2017.03.26"]
[Round "2"]
[White "Léonardy, Batiste"]
[Black "Juppin de Fondaumier, Angel"]
[Result "1-0"]
[WhiteElo "1142"]
[BlackElo "1009"]
[PlyCount "49"]
[EventDate "2017.03.26"]
[SourceDate "2017.03.26"]

1. h4 d5 2. d3 e5 3. f3 Bb4+ 4. c3 Bc5 5. e3 Ne7 6. Ne2 O-O 7. d4 exd4 8. cxd4
Bb4+ 9. Nbc3 Bxc3+ 10. bxc3 b5 11. Nf4 c6 12. Ba3 Nf5 13. Bxf8 Qxf8 14. Qd3 Ng3
15. Rh2 Nxf1 16. Kxf1 Nd7 17. h5 g6 18. hxg6 hxg6 19. Nxg6 fxg6 20. Qxg6+ Qg7
21. Qe8+ Qf8 22. Qe6+ Qf7 23. Rh8+ Kg7 24. Rh7+ Kf8 25. Qxf7# 1-0